Theories and applications of plate analysis : Classical, numerical, and engineering methods
This book by a renowned structural engineer offers comprehensive coverage of both static and dynamic analysis of plate behavior, including classical, numerical, and engineering solutions. It contains more than 100 worked examples showing step by step how the various types of analysis are performed.
Đã lưu trong:
| Príomhúdar: | |
|---|---|
| Formáid: | Leabhar |
| Teanga: | Undetermined |
| Foilsithe: |
Hoboken, N.J.
John Wiley & Sons, Inc.
2004
|
| Ábhair: | |
| Clibeanna: |
Cuir Clib Leis
Gan Chlibeanna, Bí ar an gcéad duine leis an taifead seo a chlibeáil!
|
| Thư viện lưu trữ: | Trung tâm Học liệu Trường Đại học Cần Thơ |
|---|
| LEADER | 00956nam a2200217Ia 4500 | ||
|---|---|---|---|
| 001 | CTU_213895 | ||
| 008 | 210402s9999 xx 000 0 und d | ||
| 082 | |a 624.17765 | ||
| 082 | |b S998 | ||
| 100 | |a Szilard, Rudolph | ||
| 245 | 0 | |a Theories and applications of plate analysis : | |
| 245 | 0 | |b Classical, numerical, and engineering methods | |
| 245 | 0 | |c Rudolph Szilard | |
| 260 | |a Hoboken, N.J. | ||
| 260 | |b John Wiley & Sons, Inc. | ||
| 260 | |c 2004 | ||
| 520 | |a This book by a renowned structural engineer offers comprehensive coverage of both static and dynamic analysis of plate behavior, including classical, numerical, and engineering solutions. It contains more than 100 worked examples showing step by step how the various types of analysis are performed. | ||
| 650 | |a Plates (Engineering) | ||
| 904 | |i AThu, Giang | ||
| 910 | |a Sách kèm CD số: AVA.001596, AVA.001595 | ||
| 980 | |a Trung tâm Học liệu Trường Đại học Cần Thơ | ||